000 00369pam a2200157a 44500
008 230515b1991 xxu||||| |||| 00| 0 eng d
020 _aNULL
041 _aENGL
082 _a514.74/ GRI
100 _aGRILLY A.J. & EARNSHAW R.A. & JONES H.
245 _aFRACTALS AND CHAOS
250 _aN.D.
260 _aNULL
_bSPRIN
_c1991
300 _a277 HB
650 _aNULL
999 _c653790
_d653790